Artists / Singers by their Songs #14 - Statistics

General Stats
  • This quiz has been taken 209 times
  • The average score is 4 of 10
Answer Stats
Hint Answer % Correct
Cry Me a River / Rock Your Body / What Goes Around... Comes Around / Mirrors Justin Timberlake
80%
Photograph / Pour Some Sugar on Me / Rock of Ages / Love Bites Def Leppard
54%
Lollipop / Sucker for Pain / A Milli / Mirror Lil Wayne
52%
Skyscraper / This Is Me / Heart Attack / Let It Go Demi Lovato
38%
Me and Bobby McGee / Piece of My Heart / Summertime / Ball And Chain Janis Joplin
38%
Clarity / Stay the Night / Stay / The Middle Zedd
34%
Into the Unknown / Show Yourself / Baby, It's Cold Outside / Let It Go Idina Menzel
33%
Nasty / Rhythm Nation / That's the Way Love Goes / Together Again Janet Jackson
31%
Kiss Kiss / With You / No Air / Yeah 3x Chris Brown
25%
On My Own / You Are My Friend / Love, Need and Want You / If Only You Knew Patti LaBelle
6%
No matching quizzes found
Score Distribution
Percent of People with Each Score
Percentile by Number Answered
Your Score History
You have not taken this quiz